| 000 | 01821nam0a2200337 4500 | ||
|---|---|---|---|
| 001 | RU\NLR\BIBL_A\011630140 | ||
| 005 | 20180716143803.0 | ||
| 010 |
_a978-5-00109-265-0 _9500 |
||
| 021 |
_aRU _bКН-П-18-003541 _9КН-П-18-0243 |
||
| 035 | _a(NLR Aleph) 011630140 | ||
| 035 | _a(RuMoRGB)009521965 | ||
| 090 |
_a11029496 _c11029496 |
||
| 100 | _a20180215d2017 u y0rusy50 ca | ||
| 101 | 0 | _arus | |
| 102 | _aRU | ||
| 105 | _aa|||j|||000zy | ||
| 200 | 1 |
_aОсновы прикладной социологии управления _eучебное пособие _e[для студентов высших учебных заведений, обучающихся по направлениям подготовки "Государственное и муниципальное управление", "Менеджмент"] _fЕ. Ю. Бикметов, Р. Т. Насибуллин, Р. Р. Насибуллин, З. Л. Сизоненко _gРоссийская академия социальных наук |
|
| 210 |
_aУфа _cАэтерна _d2017 |
||
| 215 |
_a117 с. _cтабл. _d21 |
||
| 320 | _aБиблиогр.: с. 114-116 (34 назв.) | ||
| 606 | 1 |
_aСоциология управления _jУчебные издания для высших учебных заведений _2nlr_sh2 _3RU\NLR\AUTH\6601560719 |
|
| 686 | 1 | _aС550.373я73 | |
| 701 | 1 |
_aБикметов _bЕ. Ю. _gЕвгений Юрьевич |
|
| 701 | 1 |
_aНасибуллин _bР. Т. _gРавиль Талибович |
|
| 701 | 1 |
_aНасибуллин _bР. Р. _gРустем Равилевич _3RU\NLR\AUTH\770191226 |
|
| 701 | 1 |
_aСизоненко _bЗ. Л. _gЗарина Лероновна |
|
| 942 | _cBOOK | ||
| 980 | _aNBR | ||
| 980 | _aNB | ||